Změny obsahů prvků : změny obsahů prvků v porostech smrku, buku, jeřábu a břízy v průběhu roku /

Korporativní autor: Výzkumný ústav lesního hospodářství a myslivosti
Další autoři: Šrámek, Vít, 1969-, Novotný, Radek, 1976-, Lomský, Bohumír, 1954-2018
Jazyk: Čeština
Vydáno: [Praha] : Lesy České republiky, c2009
Edice: Edice Grantové služby LČR
Témata:
Fyzický popis: 109 s. : il. (převážně barev.), mapy ; 30 cm
Knihy
Uloženo v:
LEADER 02708nam a2200721 a 4500
001 nkc20092006128
003 CZ PrNK
005 20251112133805.0
007 ta
008 091014s2009 xr ab f 000 0 cze
015 |a cnb002006128 
020 |a 978-80-86945-06-4  |q (brož.) 
035 |a (OCoLC)505914295 
040 |a OLA001  |b cze  |d ABA001 
043 |a e-xr--- 
072 7 |a 630  |x Lesnictví  |2 Konspekt  |9 24 
080 |a 630.228  |2 MRF 
080 |a 581.13  |2 MRF 
080 |a 581.1  |2 MRF 
080 |a 631.42  |2 MRF 
080 |a 582.475.3  |2 MRF 
080 |a 582.623.1  |2 MRF 
080 |a 582.622.2  |2 MRF 
080 |a 582.639.23  |2 MRF 
080 |a (437.3)  |2 MRF 
080 |a (048.8)  |2 MRF 
245 0 0 |a Změny obsahů prvků :  |b změny obsahů prvků v porostech smrku, buku, jeřábu a břízy v průběhu roku /  |c [řešitelský tým Vít Šrámek ... et al.] 
246 3 0 |a Změny obsahů prvků v porostech smrku, buku, jeřábu a břízy v průběhu roku 
260 |a [Praha] :  |b Lesy České republiky,  |c c2009 
300 |a 109 s. :  |b il. (převážně barev.), mapy ;  |c 30 cm 
490 1 |a Edice Grantové služby LČR ;  |v č. 02, 2009 
500 |a Nad názvem: řešitel: Výzkumný ústav lesního hospodářství a myslivosti 
500 |a Na obálce uvedeni autoři: V. Šrámek, R. Novotný, B. Lomský a kol. 
500 |a 300 výt. 
504 |a Obsahuje bibliografie 
650 0 7 |a lesní porosty  |7 ph115116  |z Česko  |2 czenas 
650 0 7 |a výživa rostlin  |7 ph127488  |2 czenas 
650 0 7 |a fyziologie rostlin  |7 ph114604  |2 czenas 
650 0 7 |a půdní rozbory  |7 ph153340  |2 czenas 
650 0 7 |a smrk ztepilý  |7 ph162478  |2 czenas 
650 0 7 |a buk lesní  |7 ph137549  |2 czenas 
650 0 7 |a jeřáb (strom)  |7 ph276446  |2 czenas 
650 0 7 |a bříza  |7 ph203157  |2 czenas 
650 0 9 |a forest stands  |z Czechia  |2 eczenas 
650 0 9 |a plant nutrition  |2 eczenas 
650 0 9 |a plant physiology  |2 eczenas 
650 0 9 |a soil testing  |2 eczenas 
650 0 9 |a Norway spruce  |2 eczenas 
650 0 9 |a European beech  |2 eczenas 
650 0 9 |a Sorbus  |2 eczenas 
650 0 9 |a birch  |2 eczenas 
655 7 |a studie  |7 fd133597  |2 czenas 
655 9 |a studies  |2 eczenas 
700 1 |a Šrámek, Vít,  |d 1969-  |7 ola2006323544  |4 aut 
700 1 |a Novotný, Radek,  |d 1976-  |7 mzk2009544816  |4 aut 
700 1 |a Lomský, Bohumír,  |d 1954-2018  |7 ola2004219968  |4 aut 
710 2 |a Výzkumný ústav lesního hospodářství a myslivosti  |7 ko2002159700 
830 0 |a Edice Grantové služby LČR  |0 s 
910 2 |a BOA001  |b 4-1234.372 
990 |a BK 
995 |a 01 
991 |b 201001  |c NOV  |j 502 ZMĚ 
996 6 |b 2610403612  |c 4-1234.372  |l MZK  |r Sklad / do 1 hodiny  |n 3  |p p.v.  |w 001099706  |u 000010  |a 1  |e BOA001  |j MZK50  |s P